Электромагнитные волны и электронные системы. Т. 19, № 7: Научные достижения Института физики, нанотехнологий и телекоммуникаций (Запись № 10098990)

Подробности
000 -МАРКЕР
контрольное поле 01542nam2a22002651 4500
001 - ИДЕНТИФИКАТОР ЗАПИСИ
контрольное поле RU\NLR\Per\1066473
005 - ИДЕНТИФИКАТОР ВЕРСИИ
контрольное поле 20250614060708.0
035 ## - ДРУГИЕ СИСТЕМНЫЕ НОМЕРА
Идентификатор записи (NLR Aleph) 010490536
100 ## - ДАННЫЕ ОБЩЕЙ ОБРАБОТКИ
Данные общей обработки 20140922d2014 |||y0rusy50 ca
101 0# - ЯЗЫК РЕСУРСА
Язык текста, звукозаписи и т.д. русский
102 ## - СТРАНА ПУБЛИКАЦИИ ИЛИ ПРОИЗВОДСТВА
Страна публикации Российская Федерация
200 1# - ЗАГЛАВИЕ И СВЕДЕНИЯ ОБ ОТВЕТСТВЕННОСТИ
Основное заглавие Научные достижения Института физики, нанотехнологий и телекоммуникаций
210 ## - ПУБЛИКАЦИЯ, РАСПРОСТРАНЕНИЕ И ДР.
Дата издания, распространения и т.д. 2014
Место издания, распространения и т.д. Б. м.
225 1# - СЕРИЯ
Основное заглавие серии Научные достижения России
225 1# - СЕРИЯ
Основное заглавие серии 115 лет Санкт-Петербургскому государственному политехническому университету
461 #0 - УРОВЕНЬ НАБОРА
Встроенное поле 001RU\NLR\INFOCOMM29\5000102448
-- 2001#$aЭлектромагнитные волны и электронные системы$eЭВ and ЭС$eМеждунар. науч.-теорет. журн.$vТ. 19, № 7
Системный номер (АБИС) связанной записи 3070600
Место публикации М.
Дата публикации 1996-
Сведения, относящиеся к заглавию ЭВ and ЭС : Междунар. науч.-теорет. журн.
Заглавие Электромагнитные волны и электронные системы
ISSN 1560-4128
Номер тома Т. 19, № 7
712 02 - НАИМЕНОВАНИЕ ОРГАНИЗАЦИИ - ВТОРИЧНАЯ ОТВЕТСТВЕННОСТЬ
Код отношения Прочие
Начальный элемент ввода Санкт-Петербургский государственный политехнический университет
Структурное подразделение Институт физики, нанотехнологий и телекоммуникаций
Системный номер авторитетной/нормативной записи 430235
Идентификатор авторитетной/нормативной записи RU\NLR\AUTH\880381992
801 #1 - ИСТОЧНИК ЗАПИСИ
Страна Российская Федерация
Организация InfoComm
Дата составления 20050201
801 #0 - ИСТОЧНИК ЗАПИСИ
Страна Российская Федерация
Организация NLR
Правила каталогизации PSBO
852 ## - МЕСТОНАХОЖДЕНИЕ И ШИФР ХРАНЕНИЯ
Идентификатор организации NLR
Шифр хранения (Call Number) П11/3893
942 ## - ДОПОЛНИТЕЛЬНЫЕ ЭЛЕМЕНТЫ ЗАПИСИ (АБИС)
Тип экземпляра АБИС Выпуск
980 ## - КОЛЛЕКЦИЯ
Название коллекции Национальная библиография
980 ## - КОЛЛЕКЦИЯ
Название коллекции Русская периодика

Нет доступных экземпляров.